Smoke production for the rubber industry (Record no. 68780)

MARC details
000 -LEADER
fixed length control field 00338nam a2200133Ia 4500
100 ## - MAIN ENTRY--AUTHOR NAME
Personal name Twiss D F
245 #0 - TITLE STATEMENT
Title Smoke production for the rubber industry
260 ## - PUBLICATION, DISTRIBUTION, ETC. (IMPRINT)
Name of publisher IRI Transactions
Year of publication 1930
300 ## - PHYSICAL DESCRIPTION
Number of Pages 407-416
650 ## - SUBJECT ADDED ENTRY--TOPICAL TERM
Topical Term Rubber industry
650 ## - SUBJECT ADDED ENTRY--TOPICAL TERM
Topical Term Smoke production
942 ## - ADDED ENTRY ELEMENTS (KOHA)
Koha item type Journals
Holdings
Withdrawn status Lost status Damaged status Not for loan Home library Current library Shelving location Date acquired Serial Enumeration / chronology Koha item type
      Journals RRII Library RRII Library Rubber chemistry 17/12/2021 Volume 5, Issue 6 Journals